000
00251nam a2200097Ia 4500
001
810190
005
20250826171516.0
008
250824s9999 xx 000 0 und d
245
0
_a
ALICE HARİKALAR ÜLKESİNDE
_c
LEWIS CARROL
260
_b
TİMAŞ YAYINLARI
999
_c
810190
_d
810190